Research Methodology (Record no. 12)

MARC details
000 -LEADER
fixed length control field 00386nam a22001577a 4500
005 - DATE AND TIME OF LATEST TRANSACTION
control field 20160426123041.0
008 - FIXED-LENGTH DATA ELEMENTS--GENERAL INFORMATION
fixed length control field 160426b xxu||||| |||| 00| 0 eng d
020 ## - INTERNATIONAL STANDARD BOOK NUMBER
ISBN 81-7446-497-2
041 ## - LANGUAGE CODE
Language code of text/sound track or separate title eng
082 ## - DEWEY DECIMAL CLASSIFICATION NUMBER
Item number 00073
100 ## - MAIN ENTRY--AUTHOR NAME
Personal name Bhattacharya, Dipak Kumar
245 ## - TITLE STATEMENT
Title Research Methodology
260 ## - PUBLICATION, DISTRIBUTION, ETC. (IMPRINT)
Place of publication New Delhi
Name of publisher Excel Books Naraina Phasel
Year of publication 2006
300 ## - PHYSICAL DESCRIPTION
Number of Pages 399
942 ## - ADDED ENTRY ELEMENTS (KOHA)
Koha item type Books
Holdings
Lost status Damaged status Collection code Home library Current library Shelving location Date acquired Cost, normal purchase price Full call number Accession Number Koha item type
    MANAGEMENT JRU Library JRU Library   26/04/2016 275.00 00073 00073 Books
    MANAGEMENT JRU Library JRU Library   26/04/2016 275.00 00073 00074 Books